Guillermo tell /

Guardado en:
Autor Principal: Schiller, Johann Christoph Friedrich Von
Formato: Libro
Publicado: España : Aguilar, 1963
Series:El globo de colores1
Etiquetas: Agregar Etiqueta
Sin Etiquetas, Sea el primero en etiquetar este registro!
LEADER 00441nam a22001575a 4500
001 CEM.cems005886
005 20060214000000.0
008 130507s1963##################000#0#####d
003 CEMS
082 0 4 |a 832.6 
100 1 |a Schiller, Johann Christoph Friedrich Von 
245 1 0 |a Guillermo tell / 
260 |a España :  |b Aguilar,  |c 1963 
300 |a 86 p. 
490 0 |a El globo de colores1 
859 |a CEMS  |b BIB. CEMS - 11 de abril  |h 832.6  |i Sc33-1  |p 8678.81  |t Ej.1